[Event "Mecklenburg VP LL2 West 2223"]
[Site "Mecklenburg VP"]
[Date "2022.10.23"]
[Round "1.3"]
[White "Stiegler, Maik"]
[Black "Krieg, Peter"]
[Result "0-1"]
[WhiteElo "1997"]
[BlackElo "1886"]
[PlyCount "53"]
[EventDate "2022.10.23"]
[EventType "team-tourn"]
[EventRounds "9"]
[EventCountry "GER"]
[SourceTitle "EXT 2024"]
[Source "ChessBase"]
[SourceDate "2023.10.10"]
[SourceVersion "1"]
[SourceVersionDate "2023.10.10"]
[SourceQuality "1"]
[WhiteTeam "Grevesmuehlen Blau Weiss"]
[BlackTeam "Schwerin SV Einheit"]
[WhiteTeamCountry "GER"]
[BlackTeamCountry "GER"]

1. d4 Nf6 2. c4 e6 3. Nc3 d5 4. Bg5 c5 5. e3 Nc6 6. Nf3 cxd4 7. exd4 Qb6 8. Bxf6 Qxb2 9. Qc1 Qxc1+ 10. Rxc1 gxf6 11. cxd5 Ba3 12. Rb1 exd5 13. Nxd5 0-0 14. Rb3 Bd6 15. Nxf6+ Kg7 16. Nh5+ Kh6 17. Ng3 Bb4+ 18. Kd1 Be6 19. d5 Rfd8 20. Bc4 b5 21. Bd3 Rxd5 22. Kc2 Rc5+ 23. Kb2 Bxb3 24. Kxb3 Rc3+ 25. Kb2 Rxd3 26. Rc1 Ba3+ 27. Kb1 0-1

[Event "Mecklenburg VP Verbandsliga 2122"]
[Site "Mecklenburg VP"]
[Date "2022.05.15"]
[Round "4.3"]
[White "Hodl, Ingolf"]
[Black "Stiegler, Maik"]
[Result "1/2-1/2"]
[WhiteElo "1911"]
[BlackElo "1997"]
[PlyCount "26"]
[EventDate "2021.10.24"]
[EventType "team-tourn"]
[EventRounds "9"]
[EventCountry "GER"]
[SourceTitle "EXT 2024"]
[Source "ChessBase"]
[SourceDate "2023.10.10"]
[SourceVersion "1"]
[SourceVersionDate "2023.10.10"]
[SourceQuality "1"]
[WhiteTeam "Rostock SSC 07"]
[BlackTeam "Grevesmuehlen Blau Weiss"]
[WhiteTeamCountry "GER"]
[BlackTeamCountry "GER"]

1. e4 d6 2. d4 Nf6 3. Nc3 c6 4. Bd3 Nbd7 5. f4 Qc7 6. Nf3 e5 7. Be3 Be7 8. Qd2 0-0 9. h3 b5 10. g4 b4 11. Ne2 a5 12. g5 Nh5 13. f5 c5 1/2-1/2

[Event "Mecklenburg VP Verbandsliga 1920"]
[Site "Mecklenburg VP"]
[Date "2020.01.19"]
[Round "5.4"]
[White "Stiegler, Maik"]
[Black "Nauschuetz, Ernst"]
[Result "1-0"]
[WhiteElo "1997"]
[BlackElo "1921"]
[PlyCount "123"]
[EventDate "2019.09.29"]
[EventType "team-tourn"]
[EventRounds "9"]
[EventCountry "GER"]
[SourceTitle "EXT 2023"]
[Source "ChessBase"]
[SourceDate "2022.10.05"]
[SourceVersion "1"]
[SourceVersionDate "2022.10.05"]
[SourceQuality "1"]
[WhiteTeam "Grevesmuehlen Blau Weiss"]
[BlackTeam "Greifswald II"]
[WhiteTeamCountry "GER"]
[BlackTeamCountry "GER"]

1. d4 Nf6 2. c4 e6 3. Nc3 Bb4 4. Qc2 Nc6 5. Nf3 d6 6. Bg5 h6 7. Bh4 g5 8. Bg3 g4 9. Nd2 Nxd4 10. Qd1 Bd7 11. e4 e5 12. Bh4 Bxc3 13. bxc3 Nc6 14. Be2 Qe7 15. f3 Qe6 16. c5 dxc5 17. Rf1 0-0 18. f4 exf4 19. Rxf4 Nh7 20. Bxg4 Qd6 21. Bg3 Qe7 22. Bxd7 Qxd7 23. Qh5 Rfd8 24. 0-0-0 Qe6 25. Kb2 Rd7 26. Nb3 Rxd1 27. Qxd1 b6 28. Rg4+ Kh8 29. Bxc7 Rc8 30. Bf4 Rg8 31. Rxg8+ Kxg8 32. Qd5 Kg7 33. a4 Nf6 34. Qxe6 fxe6 35. Nd2 Kg6 36. h3 h5 37. Kc2 e5 38. Be3 Kf7 39. Kd3 Ke6 40. Kc4 a6 41. Bg5 Na5+ 42. Kd3 b5 43. axb5 axb5 44. Bh4 c4+ 45. Ke3 Nb7 46. Nf3 Nd6 47. Ng5+ Kd7 48. Bg3 Kc6 49. Bxe5 Nd7 50. Bd4 Nc5 51. g4 hxg4 52. hxg4 Nb3 53. Bh8 Nc8 54. Bg7 Ne7 55. Nf3 Kc5 56. Bf8 Kd6 57. Nd4 Nxd4 58. cxd4 Kd7 59. Bxe7 Kxe7 60. d5 c3 61. e5 b4 62. Kd3 1-0

[Event "Mecklenburg VP Verbandsliga 1920"]
[Site "Mecklenburg VP"]
[Date "2019.12.08"]
[Round "4.4"]
[White "Kupfernagel, Michael"]
[Black "Stiegler, Maik"]
[Result "1-0"]
[WhiteElo "2030"]
[BlackElo "1997"]
[PlyCount "67"]
[EventDate "2019.09.29"]
[EventType "team-tourn"]
[EventRounds "9"]
[EventCountry "GER"]
[SourceTitle "EXT 2023"]
[Source "ChessBase"]
[SourceDate "2022.10.05"]
[SourceVersion "1"]
[SourceVersionDate "2022.10.05"]
[SourceQuality "1"]
[WhiteTeam "Schwerin SF III"]
[BlackTeam "Grevesmuehlen Blau Weiss"]
[WhiteTeamCountry "GER"]
[BlackTeamCountry "GER"]

1. d4 d5 2. Nc3 e6 3. e4 dxe4 4. Nxe4 Nf6 5. Bg5 Be7 6. Bxf6 Bxf6 7. Nf3 0-0 8. Qd3 b6 9. Nxf6+ Qxf6 10. Qe4 c6 11. Bd3 g6 12. h4 Bb7 13. Ne5 Qe7 14. 0-0-0 c5 15. Qf4 cxd4 16. h5 g5 17. Qxd4 f6 18. Ng4 Nc6 19. Qe3 Nb4 20. Bc4 Rae8 21. Rhe1 Qc7 22. Bxe6+ Kh8 23. Qb3 Qf4+ 24. Qe3 Qc7 25. Qd2 Rxe6 26. Rxe6 Nxa2+ 27. Kb1 Qc4 28. Qe2 Qa4 29. Re3 Nb4 30. Ra3 Qc6 31. Rxa7 Re8 32. Qd2 Rc8 33. Ne3 Qc5 34. Rxb7 1-0

[Event "Mecklenburg VP LL2 West 1819"]
[Site "Mecklenburg VP"]
[Date "2019.04.07"]
[Round "9.3"]
[White "Stiegler, Maik"]
[Black "Buss, Stephan"]
[Result "1/2-1/2"]
[WhiteElo "1997"]
[BlackElo "1966"]
[PlyCount "110"]
[EventDate "2018.10.21"]
[EventType "team-tourn"]
[EventRounds "9"]
[EventCountry "GER"]
[SourceTitle "EXT 2022"]
[Source "ChessBase"]
[SourceDate "2021.10.06"]
[SourceVersion "1"]
[SourceVersionDate "2021.10.06"]
[SourceQuality "1"]
[WhiteTeam "Grevesmuehlen Blau Weiss"]
[BlackTeam "Kuehlungsborn SV Empor"]
[WhiteTeamCountry "GER"]
[BlackTeamCountry "GER"]

1. d4 Nf6 2. Nf3 c5 3. d5 e6 4. c4 b5 5. b3 Bb7 6. dxe6 fxe6 7. cxb5 d5 8. e3 Bd6 9. Bb2 0-0 10. Nbd2 Nbd7 11. Be2 e5 12. Nc4 dxc4 13. Bxc4+ Kh8 14. Qxd6 Ne4 15. Qe6 Rf6 16. Qg4 Rxf3 17. 0-0-0 Nef6 18. Rxd7 Qf8 19. Qh4 Nxd7 20. gxf3 Bxf3 21. Rg1 Re8 22. Qg3 Bh5 23. f4 Bg6 24. Qg5 exf4 25. Qxf4 Qxf4 26. exf4 Nf6 27. Rg5 Re1+ 28. Kd2 Rh1 29. Rg2 Be4 30. Re2 Bf3 31. Re7 Rxh2+ 32. Ke3 Rxb2 33. Kxf3 Rxa2 34. Rc7 h5 35. Rxc5 h4 36. Rc8+ Kh7 37. Bd3+ g6 38. Rc7+ Kh6 39. Rc6 Kg7 40. Bc2 Ra1 41. Rc7+ Kh6 42. Kg2 Nd5 43. Rc8 Nxf4+ 44. Kf3 Ne6 45. Kg4 Nd4 46. Bd3 g5 47. Rc6+ Kg7 48. Rg6+ Kf7 49. Kxg5 Rg1+ 50. Kh5 Rxg6 51. Bxg6+ Kf6 52. Be4 Ke5 53. Bg2 Nf5 54. Bh3 Kf4 55. Bxf5 Kxf5 1/2-1/2

[Event "Mecklenburg VP LL2 West 1819"]
[Site "Mecklenburg VP"]
[Date "2019.03.24"]
[Round "8.4"]
[White "Stiegler, Maik"]
[Black "Fleischer, Matthias"]
[Result "1-0"]
[WhiteElo "1997"]
[BlackElo "1923"]
[PlyCount "75"]
[EventDate "2018.10.21"]
[EventType "team-tourn"]
[EventRounds "9"]
[EventCountry "GER"]
[SourceTitle "EXT 2022"]
[Source "ChessBase"]
[SourceDate "2021.10.06"]
[SourceVersion "1"]
[SourceVersionDate "2021.10.06"]
[SourceQuality "1"]
[WhiteTeam "Grevesmuehlen Blau Weiss"]
[BlackTeam "Schwerin SV Einheit"]
[WhiteTeamCountry "GER"]
[BlackTeamCountry "GER"]

1. d4 Nf6 2. c4 g6 3. Nc3 Bg7 4. Nf3 0-0 5. Bg5 d6 6. e4 Nbd7 7. Bd3 e5 8. d5 a6 9. 0-0 b6 10. Nd2 Qe8 11. Rc1 Bb7 12. b4 a5 13. Nb5 Qb8 14. a3 Re8 15. Nb3 axb4 16. axb4 c6 17. Nc3 c5 18. bxc5 Nxc5 19. Nxc5 bxc5 20. Rb1 Qc7 21. Nb5 Qd7 22. Nxd6 Qxd6 23. Rxb7 Rab8 24. Rxb8 Rxb8 25. Qc2 h6 26. Bd2 Nh5 27. Rb1 Rf8 28. Rb5 Nf4 29. Bf1 f5 30. Be3 Rc8 31. exf5 g5 32. Qb1 Bf6 33. Rb6 Qe7 34. Qb5 e4 35. Qa6 Rf8 36. Rb7 Qe5 37. Bxc5 Rf7 38. Qa8+ 1-0

[Event "Mecklenburg VP LL2 West 1819"]
[Site "Mecklenburg VP"]
[Date "2019.03.10"]
[Round "7.4"]
[White "Stiegler, Maik"]
[Black "Schwetlick, Thomas"]
[Result "1/2-1/2"]
[WhiteElo "1997"]
[BlackElo "1949"]
[PlyCount "37"]
[EventDate "2018.10.21"]
[EventType "team-tourn"]
[EventRounds "9"]
[EventCountry "GER"]
[SourceTitle "EXT 2022"]
[Source "ChessBase"]
[SourceDate "2021.10.06"]
[SourceVersion "1"]
[SourceVersionDate "2021.10.06"]
[SourceQuality "1"]
[WhiteTeam "Grevesmuehlen Blau Weiss"]
[BlackTeam "Rostock HSG Uni"]
[WhiteTeamCountry "GER"]
[BlackTeamCountry "GER"]

1. d4 Nf6 2. c4 g6 3. Nc3 Bg7 4. Bg5 0-0 5. e3 d6 6. f4 c5 7. d5 b5 8. cxb5 Qa5 9. Bxf6 Bxf6 10. Qc2 a6 11. bxa6 Bf5 12. Bd3 Bxd3 13. Qxd3 Nxa6 14. Nge2 c4 15. Qd2 Nc5 16. 0-0 Rfb8 17. Rab1 Na4 18. Rfc1 Nxc3 19. Nxc3 1/2-1/2

[Event "Mecklenburg VP LL2 West 1819"]
[Site "Mecklenburg VP"]
[Date "2018.12.16"]
[Round "4.4"]
[White "Stiegler, Maik"]
[Black "Gottschalk, Maik"]
[Result "1-0"]
[WhiteElo "1997"]
[BlackElo "1812"]
[PlyCount "85"]
[EventDate "2018.10.21"]
[EventType "team-tourn"]
[EventRounds "9"]
[EventCountry "GER"]
[SourceTitle "EXT 2022"]
[Source "ChessBase"]
[SourceDate "2021.10.06"]
[SourceVersion "1"]
[SourceVersionDate "2021.10.06"]
[SourceQuality "1"]
[WhiteTeam "Grevesmuehlen Blau Weiss"]
[BlackTeam "Putlitz Pritzwalk"]
[WhiteTeamCountry "GER"]
[BlackTeamCountry "GER"]

1. d4 e6 2. c4 f5 3. Nc3 Nf6 4. g3 Be7 5. Bg2 d5 6. Bf4 0-0 7. e3 c6 8. c5 Nbd7 9. Nf3 h6 10. h4 Ng4 11. h5 e5 12. Nxe5 Ngxe5 13. dxe5 Nxc5 14. Qc2 Ne4 15. 0-0 Qe8 16. Bf3 Be6 17. Kg2 Ng5 18. Be2 c5 19. Rad1 Rd8 20. Nb5 a6 21. Nc7 Qc6 22. Nxe6 Nxe6 23. Bf3 Ng5 24. Bxg5 hxg5 25. Qd3 Qc7 26. Bxd5+ Kh8 27. Qc3 b5 28. a3 Rb8 29. b4 c4 30. f4 Rb6 31. e4 Rh6 32. exf5 Rxf5 33. g4 Rxf4 34. Rxf4 gxf4 35. Qd4 Bg5 36. Qe4 c3 37. Qf5 Be7 38. Be4 Qc4 39. Kf3 Qc7 40. Qd7 Qxd7 41. Rxd7 Bg5 42. Rc7 Kg8 43. Bg6 1-0

[Event "Mecklenburg VP LL2 West 1718"]
[Site "Mecklenburg VP"]
[Date "2018.04.08"]
[Round "8.4"]
[White "Schreiner, Juergen"]
[Black "Stiegler, Maik"]
[Result "0-1"]
[WhiteElo "1551"]
[BlackElo "1997"]
[PlyCount "40"]
[EventDate "2017.10.08"]
[EventType "team-tourn"]
[EventRounds "9"]
[EventCountry "GER"]
[SourceTitle "EXT 2022"]
[Source "ChessBase"]
[SourceDate "2021.10.06"]
[SourceVersion "1"]
[SourceVersionDate "2021.10.06"]
[SourceQuality "1"]
[WhiteTeam "Wismar ASV Gruen-Weiss II"]
[BlackTeam "Grevesmuehlen Blau Weiss"]
[WhiteTeamCountry "GER"]
[BlackTeamCountry "GER"]

1. e4 c5 2. Nf3 Nc6 3. d4 cxd4 4. Nxd4 d6 5. Be2 Nf6 6. Nc3 g6 7. Be3 Bg7 8. Qd2 h5 9. h4 a6 10. 0-0-0 Bd7 11. f4 Bg4 12. e5 dxe5 13. Nxc6 Qxd2+ 14. Rxd2 exf4 15. Bd4 bxc6 16. Bxg4 hxg4 17. Ne4 Nxe4 18. Bxg7 Nxd2 19. Bxh8 f3 20. Kxd2 0-0-0+ 0-1

[Event "Mecklenburg VP LL 1617"]
[Site "Mecklenburg VP"]
[Date "2017.04.23"]
[Round "9.4"]
[White "Westphal, Wolfgang"]
[Black "Stiegler, Maik"]
[Result "1-0"]
[WhiteElo "2057"]
[BlackElo "1930"]
[PlyCount "61"]
[EventDate "2016.10.16"]
[EventType "team-tourn"]
[EventRounds "9"]
[EventCountry "GER"]
[SourceTitle "EXT 2022"]
[Source "ChessBase"]
[SourceDate "2021.10.06"]
[SourceVersion "1"]
[SourceVersionDate "2021.10.06"]
[SourceQuality "1"]
[WhiteTeam "Schwerin SF II"]
[BlackTeam "Grevesmuehlen Blau Weiss"]
[WhiteTeamCountry "GER"]
[BlackTeamCountry "GER"]

1. e4 d6 2. d4 g6 3. Nc3 Bg7 4. Be2 Nf6 5. e5 dxe5 6. dxe5 Qxd1+ 7. Bxd1 Nfd7 8. f4 Nb6 9. Bf3 c6 10. Nge2 Na6 11. a3 Nc7 12. b3 f6 13. exf6 Bxf6 14. Bd2 0-0 15. 0-0-0 Ne6 16. g3 Nd4 17. Nxd4 Bxd4 18. Rhe1 Bc5 19. a4 Nd7 20. Ne4 Ba3+ 21. Kb1 e5 22. Be2 exf4 23. Bc4+ Kg7 24. Bc3+ Kh6 25. g4 g5 26. b4 Ne5 27. Bxe5 Bxb4 28. Bd6 Bxd6 29. Rxd6+ Kg7 30. Nxg5 Rf6 31. Re7+ 1-0

[Event "Mecklenburg VP LL 1617"]
[Site "Mecklenburg VP"]
[Date "2017.01.15"]
[Round "5.4"]
[White "Stiegler, Maik"]
[Black "Krueger, Horst"]
[Result "1/2-1/2"]
[WhiteElo "1930"]
[BlackElo "1884"]
[PlyCount "98"]
[EventDate "2016.10.16"]
[EventType "team-tourn"]
[EventRounds "9"]
[EventCountry "GER"]
[SourceTitle "EXT 2022"]
[Source "ChessBase"]
[SourceDate "2021.10.06"]
[SourceVersion "1"]
[SourceVersionDate "2021.10.06"]
[SourceQuality "1"]
[WhiteTeam "Grevesmuehlen Blau Weiss"]
[BlackTeam "Ludwigslust VT 2000"]
[WhiteTeamCountry "GER"]
[BlackTeamCountry "GER"]

1. d4 d5 2. c4 c6 3. Nc3 Nf6 4. Nf3 e6 5. Bg5 Be7 6. e3 h6 7. Bh4 0-0 8. Rc1 Nbd7 9. Bd3 dxc4 10. Bxc4 b5 11. Bd3 Bb7 12. 0-0 Rc8 13. a3 a5 14. h3 Nb6 15. Ne5 b4 16. axb4 axb4 17. Ne4 Nbd7 18. Nc4 Nxe4 19. Bxe7 Qxe7 20. Bxe4 Ba6 21. Qb3 c5 22. Rfd1 cxd4 23. exd4 Nf6 24. Bf3 Rfd8 25. Ne5 Bb7 26. Ra1 Bxf3 27. Qxf3 Nd5 28. Ra6 Qf6 29. Qxf6 gxf6 30. Ng4 Rc2 31. Ra7 Kg7 32. Rd3 h5 33. Ne3 Nxe3 34. Rxe3 Rxd4 35. Rxe6 Rd1+ 36. Kh2 Rxf2 37. Ree7 Rdd2 38. Rxf7+ Kg6 39. Rg7+ Kf5 40. Ra5+ Ke4 41. b3 Rd5 42. Ra4 Rb5 43. Rc7 Kd3 44. Ra6 Rd5 45. Rac6 Rd4 46. Kg1 Rf5 47. Rc4 Rff4 48. Rc1 h4 49. R7c6 Ke2 1/2-1/2

[Event "Mecklenburg VP LL 1617"]
[Site "Mecklenburg VP"]
[Date "2016.11.20"]
[Round "3.4"]
[White "Stiegler, Maik"]
[Black "Grehl, Tino"]
[Result "1/2-1/2"]
[WhiteElo "1930"]
[BlackElo "1843"]
[PlyCount "134"]
[EventDate "2016.10.16"]
[EventType "team-tourn"]
[EventRounds "9"]
[EventCountry "GER"]
[SourceTitle "EXT 2022"]
[Source "ChessBase"]
[SourceDate "2021.10.06"]
[SourceVersion "1"]
[SourceVersionDate "2021.10.06"]
[SourceQuality "1"]
[WhiteTeam "Grevesmuehlen Blau Weiss"]
[BlackTeam "Greifswald II"]
[WhiteTeamCountry "GER"]
[BlackTeamCountry "GER"]

1. d4 d5 2. c4 e6 3. Nc3 Nf6 4. Bg5 Be7 5. Nf3 0-0 6. e3 h6 7. Bh4 Ne4 8. Bxe7 Qxe7 9. Bd3 Nxc3 10. bxc3 dxc4 11. Bxc4 Nd7 12. 0-0 c6 13. a4 e5 14. a5 e4 15. Nd2 Nf6 16. Qb3 Bf5 17. Be2 Rab8 18. c4 c5 19. d5 Qd6 20. h3 Rfe8 21. Nb1 Nd7 22. Nc3 Qg6 23. Kh1 Ne5 24. Qa3 b6 25. Rab1 Qg5 26. axb6 axb6 27. Qa7 Qf6 28. Rb3 g5 29. g4 Bg6 30. Kg2 Nd3 31. Bxd3 Qf3+ 32. Kh2 exd3 33. Rxb6 Rxb6 34. Qxb6 d2 35. Qxc5 Bd3 36. Rg1 Qxf2+ 37. Rg2 Qf6 38. Qd4 Qxd4 39. exd4 Re2 40. c5 Kf8 41. d6 Ke8 42. Kg3 Rxg2+ 43. Kxg2 Bc2 44. Kf3 d1Q+ 45. Nxd1 Bxd1+ 46. Ke4 Bc2+ 47. Ke5 h5 48. Kf6 hxg4 49. hxg4 Bb3 50. Kxg5 Kd7 51. Kf6 Bc4 52. g5 Bb3 53. Ke5 Kc6 54. d5+ Kd7 55. c6+ Kd8 56. d7 Kc7 57. Kd4 Bd1 58. Ke5 Bb3 59. d6+ Kd8 60. Kd4 Bd1 61. Ke5 Bb3 62. Kf6 Bc4 63. g6 fxg6 64. Kxg6 Bb5 65. c7+ Kxd7 66. Kf6 Ba6 67. Ke5 Bb7 1/2-1/2

[Event "Mecklenburg VP VL 1516"]
[Site "Mecklenburg VP"]
[Date "2016.03.13"]
[Round "7.5"]
[White "Stiegler, Maik"]
[Black "Schmidt, Reinhard"]
[Result "1/2-1/2"]
[WhiteElo "1888"]
[BlackElo "1795"]
[PlyCount "95"]
[EventDate "2015.09.20"]
[EventType "team-tourn"]
[EventRounds "9"]
[EventCountry "GER"]
[SourceTitle "EXT 2022"]
[Source "ChessBase"]
[SourceDate "2021.10.06"]
[SourceVersion "1"]
[SourceVersionDate "2021.10.06"]
[SourceQuality "1"]
[WhiteTeam "Grevesmuehlen Blau Weiss"]
[BlackTeam "Warnemuende SF Ostsee"]
[WhiteTeamCountry "GER"]
[BlackTeamCountry "GER"]

1. d4 Nf6 2. Nf3 b6 3. c4 Bb7 4. Nc3 e6 5. Bg5 Be7 6. e3 d5 7. Rc1 0-0 8. Bd3 h6 9. Bh4 dxc4 10. Bxc4 Nbd7 11. 0-0 Ne4 12. Bxe7 Qxe7 13. Bd3 Ndf6 14. Nxe4 Bxe4 15. Bxe4 Nxe4 16. Qc2 Ng5 17. Nxg5 Qxg5 18. Qxc7 Qb5 19. b3 Qa6 20. Qc2 Rfc8 21. Qd2 Rxc1 22. Rxc1 Rc8 23. Rxc8+ Qxc8 24. h3 Qc6 25. f3 f5 26. Qe2 Qc3 27. g3 Kf7 28. Kg2 g5 29. f4 Kg6 30. g4 fxg4 31. hxg4 Qc6+ 32. Qf3 Qc2+ 33. Kh3 Qb1 34. d5 exd5 35. Qxd5 gxf4 36. Qg8+ Kf6 37. Qf8+ Kg6 38. Qxf4 Qxa2 39. Qf5+ Kg7 40. Qe5+ Kg6 41. Qe6+ Kg7 42. Kg3 Qe2 43. Kf4 Qf1+ 44. Ke5 Qb5+ 45. Kd6 Qc5+ 46. Kd7 a5 47. e4 b5 48. e5 1/2-1/2

[Event "Mecklenburg VP VL 1516"]
[Site "Mecklenburg VP"]
[Date "2016.01.17"]
[Round "5.5"]
[White "Stiegler, Maik"]
[Black "Baier, Karsten"]
[Result "1/2-1/2"]
[WhiteElo "1888"]
[BlackElo "1850"]
[PlyCount "56"]
[EventDate "2015.09.20"]
[EventType "team-tourn"]
[EventRounds "9"]
[EventCountry "GER"]
[SourceTitle "EXT 2022"]
[Source "ChessBase"]
[SourceDate "2021.10.06"]
[SourceVersion "1"]
[SourceVersionDate "2021.10.06"]
[SourceQuality "1"]
[WhiteTeam "Grevesmuehlen Blau Weiss"]
[BlackTeam "Neubrandenburg SG Eintracht"]
[WhiteTeamCountry "GER"]
[BlackTeamCountry "GER"]

1. d4 f5 2. c4 Nf6 3. Nc3 e6 4. g3 d5 5. cxd5 exd5 6. Bg2 c6 7. Bg5 Be7 8. e3 0-0 9. Nf3 Nbd7 10. 0-0 h6 11. Bxf6 Nxf6 12. Rc1 Bd7 13. Ne2 Bd6 14. Qb3 Rb8 15. Nf4 Bxf4 16. gxf4 Kh7 17. Kh1 Ne4 18. Rc2 Be6 19. Ne5 Qh4 20. Bxe4 fxe4 21. Rg1 g5 22. fxg5 hxg5 23. Qa3 Rbe8 24. Qxa7 Qh5 25. Qxb7+ Rf7 26. Nxf7 Qf3+ 27. Rg2 Qd1+ 28. Rg1 Qf3+ 1/2-1/2

[Event "Mecklenburg VP VL 1516"]
[Site "Mecklenburg VP"]
[Date "2015.12.13"]
[Round "4.5"]
[White "Podolskiy, Alexander"]
[Black "Stiegler, Maik"]
[Result "0-1"]
[WhiteElo "1871"]
[BlackElo "1888"]
[PlyCount "118"]
[EventDate "2015.09.20"]
[EventType "team-tourn"]
[EventRounds "9"]
[EventCountry "GER"]
[SourceTitle "EXT 2022"]
[Source "ChessBase"]
[SourceDate "2021.10.06"]
[SourceVersion "1"]
[SourceVersionDate "2021.10.06"]
[SourceQuality "1"]
[WhiteTeam "Wismar ASV Gruen-Weiss"]
[BlackTeam "Grevesmuehlen Blau Weiss"]
[WhiteTeamCountry "GER"]
[BlackTeamCountry "GER"]

1. e4 c5 2. Nf3 Nc6 3. d4 cxd4 4. Nxd4 d6 5. Nc3 Nf6 6. Be2 g6 7. Be3 Bg7 8. g4 Qa5 9. f3 h5 10. Nb3 Qd8 11. g5 Nd7 12. Qd2 a6 13. 0-0-0 0-0 14. f4 b6 15. Rhf1 Nc5 16. Nd4 Bd7 17. f5 Rc8 18. Nd5 Nxe4 19. Qe1 Nxd4 20. Bxd4 Bxd4 21. Rxd4 Bxf5 22. Bf3 e6 23. Bxe4 Qxg5+ 24. Kb1 Bxe4 25. Nf6+ Kg7 26. Nxe4 Qe5 27. Qf2 d5 28. Nf6 Rc7 29. Rd2 b5 30. Re2 Qd6 31. Qd4 Kh6 32. Qe3+ Kg7 33. Nxh5+ Kh7 34. Nf6+ Kg7 35. Ng4 f5 36. Qh6+ Kf7 37. Qh7+ Ke8 38. Qxg6+ Kd8 39. Rxe6 Qc5 40. Rd6+ Kc8 41. Qe6+ Kb8 42. Rb6+ Ka7 43. Rxa6+ Kb7 44. Ne3 d4 45. Rb6+ Qxb6 46. Qxb6+ Kxb6 47. Nd5+ Kc6 48. Nxc7 Kxc7 49. Kc1 Kd6 50. Kd2 Ke5 51. Ke2 Ke4 52. Rf3 f4 53. Rh3 Rg8 54. Kf2 Rc8 55. c3 d3 56. Rh7 Rd8 57. Re7+ Kf5 58. Re1 d2 59. Rd1 Ke4 0-1

[Event "Mecklenburg VP VL 1314"]
[Site "Mecklenburg VP"]
[Date "2013.10.27"]
[Round "1.4"]
[White "Stiegler, Maik"]
[Black "Nauschuetz, Ernst"]
[Result "0-1"]
[WhiteElo "1897"]
[BlackElo "1893"]
[PlyCount "110"]
[EventDate "2013.10.20"]
[EventType "team-tourn"]
[EventRounds "9"]
[EventCountry "GER"]
[SourceTitle "EXT 2022"]
[Source "ChessBase"]
[SourceDate "2021.10.06"]
[SourceVersion "1"]
[SourceVersionDate "2021.10.06"]
[SourceQuality "1"]
[WhiteTeam "Grevesmuehlen Blau Weiss"]
[BlackTeam "Greifswald II"]
[WhiteTeamCountry "GER"]
[BlackTeamCountry "GER"]

1. d4 Nf6 2. c4 e6 3. Nf3 Bb4+ 4. Bd2 Qe7 5. e3 0-0 6. Bd3 b6 7. 0-0 Bxd2 8. Nfxd2 c5 9. Nc3 Bb7 10. a3 d5 11. Rc1 cxd4 12. exd4 dxc4 13. Nxc4 Rd8 14. Ne5 Nc6 15. Nxc6 Bxc6 16. Ne2 Qd7 17. Qd2 Rac8 18. Rfd1 g6 19. Qg5 Kg7 20. b3 h6 21. Qg3 Nh5 22. Qe3 f5 23. Ba6 Rb8 24. Qe5+ Nf6 25. Nf4 Re8 26. Rc3 b5 27. a4 bxa4 28. bxa4 Rb6 29. Bb5 a6 30. Qc5 Rxb5 31. axb5 Bxb5 32. Qe5 Re7 33. Rdc1 Qe8 34. Rc7 Bd7 35. h4 g5 36. Nh5+ Qxh5 37. d5 Qe8 38. d6 Rf7 39. R1c3 Kg6 40. Ra7 Nd5 41. Rg3 Qc8 42. Kh2 g4 43. h5+ Kh7 44. f3 Nf6 45. Rc7 Qd8 46. fxg4 Nxg4+ 47. Rxg4 fxg4 48. Qe4+ Kg8 49. Qxg4+ Rg7 50. Qe4 Rg5 51. Ra7 Rxh5+ 52. Kg3 Qg5+ 53. Kf3 Qf6+ 54. Kg3 Qc3+ 55. Qf3 Qe5+ 0-1

[Event "Mecklenburg VP VL 1213"]
[Site "Mecklenburg VP"]
[Date "2013.03.17"]
[Round "7.4"]
[White "Bauer, Norbert"]
[Black "Stiegler, Maik"]
[Result "1-0"]
[WhiteElo "2004"]
[BlackElo "1911"]
[PlyCount "37"]
[EventDate "2012.10.14"]
[EventType "team-tourn"]
[EventRounds "9"]
[EventCountry "GER"]
[SourceTitle "EXT 2022"]
[Source "ChessBase"]
[SourceDate "2021.10.06"]
[SourceVersion "1"]
[SourceVersionDate "2021.10.06"]
[SourceQuality "1"]
[WhiteTeam "Torgelow Droegeheide"]
[BlackTeam "Grevesmuehlen Blau Weiss"]
[WhiteTeamCountry "GER"]
[BlackTeamCountry "GER"]

1. d4 g6 2. e4 d6 3. Nc3 Bg7 4. f4 Nf6 5. Nf3 0-0 6. Bd3 c6 7. 0-0 Nbd7 8. e5 Ne8 9. Qe1 Nc7 10. Qh4 c5 11. f5 cxd4 12. Ng5 h6 13. fxg6 Nxe5 14. gxf7+ Nxf7 15. Qe4 Nxg5 16. Bxg5 Rf5 17. Rxf5 Bxf5 18. Qxf5 Ne8 19. Qe6+ 1-0

[Event "Mecklenburg VP VL 1112"]
[Site "Mecklenburg VP"]
[Date "2012.02.26"]
[Round "7.4"]
[White "Pruesse, Horst"]
[Black "Stiegler, Maik"]
[Result "0-1"]
[WhiteElo "2007"]
[BlackElo "1876"]
[PlyCount "64"]
[EventDate "2011.10.02"]
[EventType "team-tourn"]
[EventRounds "9"]
[EventCountry "GER"]
[SourceTitle "EXT 2022"]
[Source "ChessBase"]
[SourceDate "2021.10.06"]
[SourceVersion "1"]
[SourceVersionDate "2021.10.06"]
[SourceQuality "1"]
[WhiteTeam "Neubrandenburg SG Eintracht"]
[BlackTeam "Grevesmuehlen Blau Weiss"]
[WhiteTeamCountry "GER"]
[BlackTeamCountry "GER"]

1. e4 e5 2. Nf3 Nc6 3. Bb5 a6 4. Ba4 Nf6 5. 0-0 Be7 6. Re1 b5 7. Bb3 0-0 8. a4 Bb7 9. Na3 Bxa3 10. Rxa3 d6 11. d4 exd4 12. Nxd4 Nxd4 13. Qxd4 c5 14. Qd1 c4 15. Ba2 Nxe4 16. Rh3 Qf6 17. Be3 Bc8 18. Bd4 Qg6 19. Rh4 f5 20. b3 Bb7 21. f3 Ng5 22. Kf2 d5 23. c3 Rae8 24. Rxe8 Rxe8 25. Bb1 Qf7 26. Rf4 g6 27. Rh4 Ne6 28. Be5 Qe7 29. g3 Nc5 30. f4 Nxb3 31. axb5 axb5 32. g4 Qxh4+ 0-1

[Event "Mecklenburg VP VL 1112"]
[Site "Mecklenburg VP"]
[Date "2011.10.23"]
[Round "2.4"]
[White "Wittig, Harry"]
[Black "Stiegler, Maik"]
[Result "1/2-1/2"]
[WhiteElo "1913"]
[BlackElo "1876"]
[PlyCount "36"]
[EventDate "2011.10.02"]
[EventType "team-tourn"]
[EventRounds "9"]
[EventCountry "GER"]
[SourceTitle "EXT 2022"]
[Source "ChessBase"]
[SourceDate "2021.10.06"]
[SourceVersion "1"]
[SourceVersionDate "2021.10.06"]
[SourceQuality "1"]
[WhiteTeam "Waren ESV"]
[BlackTeam "Grevesmuehlen Blau Weiss"]
[WhiteTeamCountry "GER"]
[BlackTeamCountry "GER"]

1. d4 f5 2. Bg5 Nf6 3. Bxf6 exf6 4. e3 d5 5. Nf3 c6 6. Bd3 Qb6 7. Qc1 Na6 8. 0-0 Bd7 9. c4 dxc4 10. Bxc4 Bd6 11. Nc3 Nc7 12. e4 0-0-0 13. e5 fxe5 14. dxe5 Be7 15. Qc2 g5 16. Rad1 c5 17. Nd5 Nxd5 18. Bxd5 Kb8 1/2-1/2